[Event "Avoine op 34th"]
[Site "Avoine"]
[Date "2019.07.20"]
[Round "3"]
[White "Budak, Rezan"]
[Black "Defromont, Benjamin"]
[Result "0-1"]
[WhiteElo "1844"]
[BlackElo "2245"]
[PlyCount "54"]
[EventDate "2019.07.20"]
[EventType "swiss"]
[EventRounds "9"]
[EventCountry "FRA"]
[SourceTitle "EXT 2020"]
[Source "ChessBase"]
[SourceDate "2019.10.17"]
[SourceVersion "1"]
[SourceVersionDate "2019.10.17"]
[SourceQuality "1"]

1. e4 e6 2. d4 d5 3. exd5 exd5 4. c4 Nf6 5. Nc3 Be7 6. Qb3 dxc4 7. Bxc4 0-0 8. Nf3 Nc6 9. Be2 Nxd4 10. Nxd4 Qxd4 11. Be3 Qb4 12. 0-0 Be6 13. Qc2 Rfd8 14. Rfd1 c6 15. h3 h6 16. Bd3 Nd5 17. Bd2 Nxc3 18. Bxc3 Qf4 19. Re1 Rd7 20. Bh7+ Kh8 21. Rxe6 fxe6 22. Bxg7+ Kxg7 23. Qg6+ Kh8 24. Qxe6 Rad8 25. Re1 Kxh7 26. g3 Qf6 27. Qe4+ Kh8 0-1

[Event "Avoine op 31st"]
[Site "Avoine"]
[Date "2016.07.26"]
[Round "4"]
[White "Lebret, Jean Michel"]
[Black "Budak, Rezan"]
[Result "1-0"]
[WhiteElo "2110"]
[BlackElo "1808"]
[PlyCount "53"]
[EventDate "2016.07.23"]
[EventType "swiss"]
[EventRounds "9"]
[EventCountry "FRA"]
[SourceTitle "CBM 173 Extra"]
[Source "ChessBase"]
[SourceDate "2016.08.29"]
[SourceVersion "1"]
[SourceVersionDate "2016.08.29"]
[SourceQuality "1"]

1. e4 c5 2. Nc3 e6 3. g3 Nc6 4. Bg2 Nf6 5. d3 d5 6. exd5 exd5 7. Bg5 Be7 8. Nge2 Be6 9. Nf4 0-0 10. 0-0 d4 11. Bxf6 dxc3 12. Nxe6 fxe6 13. Bxc3 Bf6 14. Bxf6 Qxf6 15. c3 e5 16. Qb3+ Kh8 17. Qxb7 Ne7 18. Qxa8 Rxa8 19. Bxa8 g6 20. Rae1 Nf5 21. Re2 Qa6 22. Rxe5 Qxd3 23. Rfe1 Qb5 24. b4 Qa4 25. Rxc5 Qxa2 26. Rc7 Qg8 27. Bc6 1-0

[Event "Chateauroux op 15th"]
[Site "Chateauroux"]
[Date "2014.10.26"]
[Round "2"]
[White "Meunier Pion, Jean"]
[Black "Budak, Rezan"]
[Result "1-0"]
[WhiteElo "1730"]
[BlackElo "1482"]
[PlyCount "47"]
[EventDate "2014.10.25"]
[EventType "swiss"]
[EventRounds "7"]
[EventCountry "FRA"]
[SourceTitle "EXT 2015"]
[Source "ChessBase"]
[SourceDate "2014.11.20"]
[SourceVersion "1"]
[SourceVersionDate "2014.11.20"]
[SourceQuality "1"]

1. e4 c5 2. Nf3 e6 3. c3 Nf6 4. e5 Nd5 5. d4 Nc6 6. Be2 cxd4 7. cxd4 Qb6 8. 0-0 d6 9. Na3 dxe5 10. Nc4 Qc7 11. dxe5 Bd7 12. Re1 b5 13. Ne3 Nxe3 14. Bxe3 Nxe5 15. Bf4 f6 16. Nxe5 fxe5 17. Bh5+ Kd8 18. Bxe5 Qb6 19. Qf3 Bc6 20. Red1+ Kc8 21. Qf7 Bd5 22. Rxd5 exd5 23. Bg4+ Kd8 24. Qd7# 1-0